[Event "American Continental Rapid 18th"]
[Site "Medellin"]
[Date "2024.06.01"]
[Round "4"]
[White "Ramirez Andrade, Leonardo Jesus"]
[Black "Guevara Sanchez, Erick Marvin"]
[Result "0-1"]
[WhiteElo "1848"]
[BlackElo "2060"]
[PlyCount "118"]
[EventDate "2024.06.01"]
[EventType "swiss (rapid)"]
[EventRounds "9"]
[EventCountry "COL"]
[SourceTitle "CB23_2024"]
[SourceDate "2024.06.05"]
[SourceVersion "1"]
[SourceVersionDate "2024.06.05"]
[SourceQuality "1"]

1. e4 c5 2. Nf3 Nc6 3. d4 cxd4 4. Nxd4 Nf6 5. Nc3 e5 6. Ndb5 d6 7. Bg5 a6 8. Na3 b5 9. Bxf6 gxf6 10. Nd5 Bg7 11. Bd3 Be6 12. 0-0 Ne7 13. Nxe7 Qxe7 14. c3 Qb7 15. Nc2 h5 16. a4 Rc8 17. axb5 axb5 18. Na3 Bd7 19. Nc2 h4 20. Qf3 f5 21. exf5 Bc6 22. Qg4 Bf6 23. Nb4 h3 24. Nxc6 Qxc6 25. Ra5 Rb8 26. Qf3 Qxf3 27. gxf3 b4 28. c4 Bg5 29. Kh1 Ke7 30. Rg1 Bf4 31. Be4 Rhg8 32. Ra7+ Kf6 33. Bd5 Rxg1+ 34. Kxg1 Rg8+ 35. Kf1 Rg7 36. Rd7 Bxh2 37. Rxd6+ Kg5 38. f4+ Bxf4 39. Rd8 h2 40. Rh8 Kxf5 41. Bg2 f6 42. c5 Ra7 43. c6 e4 44. Rh5+ Kg4 45. Rh8 f5 46. Ke2 Rc7 47. f3+ Kg3 48. Rg8+ Kh4 49. fxe4 Rxc6 50. exf5 Rc2+ 51. Kf3 Bh6 52. Rg4+ Kh5 53. Rxb4 Kg5 54. Kg3 Bf8 55. Rb5 Bd6+ 56. Kf3 Kf6 57. Bh1 Rc1 58. Kg2 Rg1+ 59. Kf2 Rxh1 0-1

[Event "American Continental Blitz 18th"]
[Site "Medellin"]
[Date "2024.05.29"]
[Round "3"]
[White "Ramirez Andrade, Leonardo Jesus"]
[Black "Alvarez, Pablo Andres"]
[Result "0-1"]
[WhiteElo "1848"]
[BlackElo "2069"]
[PlyCount "66"]
[EventDate "2024.05.29"]
[EventType "swiss (blitz)"]
[EventRounds "9"]
[EventCountry "COL"]
[SourceTitle "CB23_2024"]
[SourceDate "2024.06.05"]
[SourceVersion "1"]
[SourceVersionDate "2024.06.05"]
[SourceQuality "1"]

1. e4 c5 2. Nf3 Nc6 3. d4 cxd4 4. Nxd4 Nf6 5. Nc3 d6 6. Be2 e5 7. Nf3 Be7 8. 0-0 0-0 9. h3 h6 10. Be3 Be6 11. Qd2 d5 12. exd5 Nxd5 13. Rad1 Nxe3 14. Qxe3 Qa5 15. a3 Bc5 16. Qd2 Rad8 17. Qe1 Bd4 18. Nxd4 Nxd4 19. Bd3 f5 20. Ne2 Nc6 21. Nc3 e4 22. Be2 Nd4 23. Rc1 Qb6 24. b4 Qc7 25. Nb5 Nxe2+ 26. Qxe2 Qc4 27. Qxc4 Bxc4 28. Nxa7 Bxf1 29. Kxf1 Rd5 30. c4 Rd3 31. Nb5 Rfd8 32. Rc2 f4 33. Ke2 f3+ 0-1

[Event "American Continental Blitz 18th"]
[Site "Medellin"]
[Date "2024.05.29"]
[Round "5"]
[White "Ramirez Andrade, Leonardo Jesus"]
[Black "Rodriguez Santiago, Jaime"]
[Result "0-1"]
[WhiteElo "1848"]
[BlackElo "2042"]
[PlyCount "50"]
[EventDate "2024.05.29"]
[EventType "swiss (blitz)"]
[EventRounds "9"]
[EventCountry "COL"]
[SourceTitle "CB23_2024"]
[SourceDate "2024.06.05"]
[SourceVersion "1"]
[SourceVersionDate "2024.06.05"]
[SourceQuality "1"]

1. e4 c6 2. d4 d5 3. exd5 cxd5 4. c4 e6 5. Nc3 Nf6 6. Nf3 Be7 7. cxd5 Nxd5 8. Bd3 Nc6 9. 0-0 0-0 10. Ne4 h6 11. a3 b6 12. Bd2 Bb7 13. Rc1 Rc8 14. Re1 Re8 15. Bb1 f5 16. Ng3 Bf6 17. Bc3 Na5 18. Qd3 Nc4 19. Ne5 Nf4 20. Qd1 Bxe5 21. dxe5 Nxg2 22. Qh5 Nf4 23. Qd1 Qh4 24. Bd3 Red8 25. Re3 Nxe3 0-1

[Event "American Continental Blitz 18th"]
[Site "Medellin"]
[Date "2024.05.29"]
[Round "9"]
[White "Ramirez Andrade, Leonardo Jesus"]
[Black "Sepulveda Brango, Alberto Enrique"]
[Result "1-0"]
[WhiteElo "1848"]
[BlackElo "1683"]
[PlyCount "133"]
[EventDate "2024.05.29"]
[EventType "swiss (blitz)"]
[EventRounds "9"]
[EventCountry "COL"]
[SourceTitle "CB23_2024"]
[SourceDate "2024.06.05"]
[SourceVersion "1"]
[SourceVersionDate "2024.06.05"]
[SourceQuality "1"]

1. e4 c5 2. Nf3 Nc6 3. d4 cxd4 4. Nxd4 Nf6 5. Nc3 e5 6. Ndb5 d6 7. Bg5 a6 8. Na3 b5 9. Bxf6 gxf6 10. Nd5 Bg7 11. Bd3 Ne7 12. Nxe7 Qxe7 13. c3 0-0 14. 0-0 f5 15. Qh5 fxe4 16. Bxe4 f5 17. Bxa8 Be6 18. Bf3 e4 19. Bd1 Be5 20. f4 Bf6 21. Bb3 Bxb3 22. axb3 Qe6 23. c4 Bxb2 24. Ra2 Bd4+ 25. Kh1 Rf6 26. Nc2 Bc5 27. Rxa6 Rh6 28. Ra8+ Kg7 29. Qg5+ Rg6 30. Qd8 Kh6 31. Qh4+ Kg7 32. Rb8 bxc4 33. Rb7+ Kf8 34. Qd8+ Qe8 35. Qxe8+ Kxe8 36. bxc4 h6 37. g3 e3 38. Re1 Re6 39. Re2 Re4 40. Rh7 Rxc4 41. Rxh6 d5 42. Nxe3 Re4 43. Rc6 Bxe3 44. Rd6 d4 45. Rd5 d3 46. Rxd3 Ba7 47. Rxe4+ fxe4 48. Rd1 e3 49. Re1 Kf7 50. Re2 Kf6 51. Kg2 Kf5 52. Kf3 Bb6 53. h3 Kg6 54. Rxe3 Bxe3 55. Kxe3 Kf5 56. Kf3 Kg6 57. Kg4 Kh6 58. Kf5 Kh5 59. Ke6 Kg6 60. f5+ Kg7 61. Ke7 Kh6 62. f6 Kg6 63. f7 Kg5 64. f8Q Kh5 65. Qf5+ Kh6 66. Qg4 Kh7 67. Kf7 1-0

[Event "COL-ch Students"]
[Site "Santa Fe"]
[Date "2023.09.23"]
[Round "1"]
[White "Hernandez Jimenez, Jeronimo"]
[Black "Ramirez Andrade, Leonardo Jesus"]
[Result "1/2-1/2"]
[WhiteElo "2135"]
[BlackElo "1747"]
[PlyCount "141"]
[EventDate "2023.09.23"]
[EventType "swiss"]
[EventRounds "6"]
[EventCountry "COL"]
[SourceTitle "EXT 2024"]
[Source "ChessBase"]
[SourceDate "2023.10.10"]
[SourceVersion "1"]
[SourceVersionDate "2023.10.10"]
[SourceQuality "1"]

1. c4 Nf6 2. Nc3 e6 3. e4 d5 4. e5 d4 5. exf6 dxc3 6. bxc3 Qxf6 7. d4 c5 8. Nf3 h6 9. Be2 Be7 10. 0-0 0-0 11. Be3 Rd8 12. Qc2 Nd7 13. a4 b6 14. Qe4 Rb8 15. Bd3 Nf8 16. Ne5 Bb7 17. Qg4 Bd6 18. f4 Nd7 19. Rad1 Qe7 20. Nxd7 Rxd7 21. Rde1 f5 22. Qh3 Rf8 23. d5 Qf6 24. dxe6 Qxe6 25. Bd4 Qg6 26. Be3 Bxf4 27. Bb1 Bxe3+ 28. Rxe3 Rdf7 29. Re5 Bc8 30. Qe3 Qd6 31. Rd5 Qc6 32. a5 Be6 33. Re5 Bxc4 34. Rfxf5 Qb5 35. Be4 Qxa5 36. h3 Qa4 37. Rxf7 Bxf7 38. Re7 Qd1+ 39. Kf2 Bd5+ 40. Bf3 Bxf3 41. gxf3 Qc2+ 42. Kf1 Qf5 43. Kg2 Qg6+ 44. Kf2 Rd8 45. Rxa7 Rd3 46. Qe5 Rd2+ 47. Ke1 Rd8 48. Kf2 Kh8 49. Rb7 Re8 50. Rb8 Rxb8 51. Qxb8+ Kh7 52. Qe5 Qc2+ 53. Kg3 Qg6+ 54. Kf2 h5 55. h4 Qh6 56. Qf5+ g6 57. Qd7+ Qg7 58. Qd6 Qxc3 59. Qxb6 Qd4+ 60. Kg3 Qe5+ 61. Kg2 Qe2+ 62. Kg3 Qe1+ 63. Kg2 Qe7 64. Qc6 Kh6 65. Kg3 Qe1+ 66. Kh3 Qf1+ 67. Kg3 c4 68. Qe8 Qg1+ 69. Kh3 Qf1+ 70. Kg3 Qa1 71. Qf8+ 1/2-1/2

[Event "COL-chT"]
[Site "Santa Marta"]
[Date "2022.11.05"]
[Round "7.3"]
[White "Cantillo Cantillo, Carlos Andres"]
[Black "Ramirez Andrade, Leonardo Jesus"]
[Result "1-0"]
[WhiteElo "1856"]
[BlackElo "1703"]
[PlyCount "55"]
[EventDate "2022.11.02"]
[EventType "team-swiss"]
[EventRounds "7"]
[EventCountry "COL"]
[SourceTitle "CBM 211 Extra"]
[Source "ChessBase"]
[SourceDate "2023.01.31"]
[SourceVersion "1"]
[SourceVersionDate "2023.01.31"]
[SourceQuality "1"]
[WhiteTeam "Magdalena VIII"]
[BlackTeam "Magdalena V"]
[WhiteTeamCountry "COL"]
[BlackTeamCountry "COL"]

1. e4 c5 2. Nc3 Nc6 3. Bb5 Nd4 4. Bc4 a6 5. a4 d6 6. h3 Bd7 7. Nf3 b5 8. axb5 Nxb5 9. 0-0 Nf6 10. e5 dxe5 11. Nxe5 Nd6 12. Rxa6 Nxc4 13. Rxa8 Qxa8 14. Nxc4 Bc6 15. f3 e6 16. d3 Be7 17. Bf4 0-0 18. Qa1 Qd8 19. Qa5 Qe8 20. Nd6 Qb8 21. Qxc5 Nd5 22. Nxd5 Bxd5 23. c4 Ba8 24. Qd4 Rd8 25. c5 f6 26. Qc3 e5 27. Qc4+ Kh8 28. Nf7+ 1-0

[Event "COL-chT"]
[Site "Santa Marta"]
[Date "2022.11.04"]
[Round "4.3"]
[White "Ojeda Mujica, Gelmer Geovany"]
[Black "Ramirez Andrade, Leonardo Jesus"]
[Result "0-1"]
[WhiteElo "1640"]
[BlackElo "1703"]
[PlyCount "52"]
[EventDate "2022.11.02"]
[EventType "team-swiss"]
[EventRounds "7"]
[EventCountry "COL"]
[SourceTitle "CBM 211 Extra"]
[Source "ChessBase"]
[SourceDate "2023.01.31"]
[SourceVersion "1"]
[SourceVersionDate "2023.01.31"]
[SourceQuality "1"]
[WhiteTeam "Arauca"]
[BlackTeam "Magdalena V"]
[WhiteTeamCountry "COL"]
[BlackTeamCountry "COL"]

1. e4 c5 2. Nf3 d6 3. d4 cxd4 4. Nxd4 Nc6 5. Nc3 Nf6 6. Bg5 e6 7. Bc4 Be7 8. h4 Bd7 9. Bb3 h6 10. Be3 a6 11. f3 Qc7 12. Qd2 b5 13. Nxc6 Bxc6 14. g4 a5 15. a4 b4 16. Ne2 Rd8 17. 0-0-0 d5 18. e5 Nd7 19. Bf4 Nc5 20. Kb1 Bxa4 21. Bxa4+ Nxa4 22. Nd4 Nc3+ 23. bxc3 bxc3 24. Qd3 Rb8+ 25. Ka1 Qd7 26. Nb5 Rxb5 0-1

[Event "COL-ch U20"]
[Site "Barranquilla"]
[Date "2022.07.07"]
[Round "3"]
[White "Ramirez Andrade, Leonardo Jesus"]
[Black "Sanchez Arroyave, Juan Pablo"]
[Result "0-1"]
[WhiteElo "1795"]
[BlackElo "2079"]
[PlyCount "82"]
[EventDate "2022.07.06"]
[EventType "swiss"]
[EventRounds "9"]
[EventCountry "COL"]
[SourceTitle "EXT 2023"]
[Source "ChessBase"]
[SourceDate "2022.10.05"]
[SourceVersion "1"]
[SourceVersionDate "2022.10.05"]
[SourceQuality "1"]

1. e4 c5 2. Nc3 e6 3. Nf3 a6 4. d4 cxd4 5. Nxd4 Nc6 6. Nb3 Qc7 7. Bd3 Nf6 8. f4 d6 9. Qf3 b5 10. a4 b4 11. Ne2 Bb7 12. Bd2 Be7 13. g4 Nd7 14. h4 Nc5 15. Nxc5 dxc5 16. b3 Na5 17. 0-0 c4 18. bxc4 Nxc4 19. Be1 Rd8 20. g5 f5 21. gxf6 Bxf6 22. Rb1 a5 23. Qh5+ Kf8 24. e5 Qc6 25. Rf3 Be7 26. Kg2 Qxf3+ 27. Qxf3 Bxf3+ 28. Kxf3 Na3 29. Rb2 Kf7 30. Bf2 Rc8 31. Bb6 Bd8 32. Bf2 Nc4 33. Ra2 g6 34. Nd4 Be7 35. Nb5 Rhd8 36. h5 gxh5 37. Bxh7 Rh8 38. Bd3 h4 39. Kg2 h3+ 40. Kh2 Nd2 41. Be2 Rcg8 0-1